[Event "Rostock SSC op 12th"]
[Site "Rostock"]
[Date "2013.08.02"]
[Round "4"]
[White "Lange, Johannes Friedrich"]
[Black "Bardosch, Konstantin"]
[Result "0-1"]
[WhiteElo "1174"]
[BlackElo "1666"]
[PlyCount "112"]
[EventDate "2013.07.31"]
[EventType "swiss"]
[EventRounds "7"]
[EventCountry "GER"]
[SourceTitle "EXT 2018"]
[Source "ChessBase"]
[SourceDate "2017.10.13"]
[SourceVersion "1"]
[SourceVersionDate "2017.10.13"]
[SourceQuality "1"]

1. e4 c5 2. Nf3 d6 3. Nc3 Nf6 4. Bc4 e6 5. d4 cxd4 6. Nxd4 a6 7. Bd3 b5 8. a3 Bb7 9. 0-0 Nbd7 10. Nb3 Ne5 11. Be3 Rc8 12. f3 Nfd7 13. Nc1 Nb6 14. N1e2 Nbc4 15. Bc1 Qb6+ 16. Kh1 g6 17. Qe1 Bg7 18. Rb1 0-0 19. Qf2 Qxf2 20. Rxf2 Nxd3 21. cxd3 Nxa3 22. bxa3 Bxc3 23. Bb2 Bxb2 24. Rxb2 e5 25. Rf1 Rc7 26. Kg1 Rfc8 27. Rd2 Rc2 28. Rxc2 Rxc2 29. Re1 Ra2 30. Nc1 Rxa3 31. Re2 Rc3 32. Re1 a5 33. Rd1 b4 34. Na2 Ra3 35. Nc1 Ra1 36. Kf2 b3 37. Nxb3 Rxd1 38. Nxa5 Ba6 39. Kg3 Bxd3 40. Nb7 Bf1 41. Kf2 Ba6 42. Na5 Ra1 43. Nb3 Ra2+ 44. Kg3 Bf1 45. Kh4 Rxg2 46. Nd2 Rxh2+ 47. Kg3 Rxd2 48. f4 exf4+ 49. Kf3 g5 50. e5 dxe5 51. Ke4 f6 52. Kf5 Kf7 53. Ke4 Bg2+ 54. Kf5 Rd4 55. Kg4 Kg7 56. Kh5 Bf3# 0-1

[Event "Rostock SSC op 12th"]
[Site "Rostock"]
[Date "2013.08.01"]
[Round "3"]
[White "Bardosch, Konstantin"]
[Black "Siegert, Gregor"]
[Result "0-1"]
[WhiteElo "1666"]
[BlackElo "1826"]
[PlyCount "54"]
[EventDate "2013.07.31"]
[EventType "swiss"]
[EventRounds "7"]
[EventCountry "GER"]
[SourceTitle "EXT 2018"]
[Source "ChessBase"]
[SourceDate "2017.10.13"]
[SourceVersion "1"]
[SourceVersionDate "2017.10.13"]
[SourceQuality "1"]

1. d4 Nf6 2. Bg5 g6 3. Bxf6 exf6 4. e3 Bg7 5. Nf3 d5 6. c4 c6 7. Nc3 Qb6 8. Qb3 Qxb3 9. axb3 Be6 10. Bd3 0-0 11. 0-0 a6 12. cxd5 cxd5 13. Na4 Nc6 14. Nb6 Rab8 15. Rfc1 Nb4 16. Ne1 Rfe8 17. Be2 f5 18. Nd3 Nxd3 19. Bxd3 f4 20. h3 fxe3 21. fxe3 Re7 22. Rc5 Rd8 23. Rf1 Bh6 24. Rf3 Rd6 25. Nc8 Bxc8 26. Rxc8+ Kg7 27. Kf2 Rde6 0-1

[Event "Rostock SSC op 12th"]
[Site "Rostock"]
[Date "2013.07.31"]
[Round "2"]
[White "Wulf, Doris"]
[Black "Bardosch, Konstantin"]
[Result "0-1"]
[WhiteElo "1138"]
[BlackElo "1666"]
[PlyCount "74"]
[EventDate "2013.07.31"]
[EventType "swiss"]
[EventRounds "7"]
[EventCountry "GER"]
[SourceTitle "EXT 2018"]
[Source "ChessBase"]
[SourceDate "2017.10.13"]
[SourceVersion "1"]
[SourceVersionDate "2017.10.13"]
[SourceQuality "1"]

1. c4 Nf6 2. g3 g6 3. Bg2 Bg7 4. Nc3 0-0 5. e3 d6 6. Nge2 c5 7. d3 e6 8. 0-0 Nc6 9. a3 a6 10. b3 Bd7 11. Bb2 Qc7 12. Rc1 Rab8 13. Qc2 b5 14. cxb5 axb5 15. Ne4 Nxe4 16. Bxg7 Kxg7 17. Bxe4 f5 18. Bg2 Qa5 19. Nf4 Kf7 20. Ra1 g5 21. Nh3 h6 22. f4 g4 23. Nf2 Rfc8 24. Qd1 Qc3 25. h3 h5 26. e4 Nd4 27. exf5 exf5 28. Bd5+ Be6 29. Bxe6+ Kxe6 30. Re1+ Kf7 31. Ra2 Nf3+ 32. Kf1 Nxe1 33. Qxe1 Qxb3 34. Qd2 Qd5 35. Ra1 Re8 36. Kg1 Qf3 37. Kf1 gxh3 0-1

[Event "Rostock SSC 07 op 11th"]
[Site "Rostock"]
[Date "2012.08.03"]
[Round "4"]
[White "Bardosch, Konstantin"]
[Black "Falk, Maximilian"]
[Result "1-0"]
[WhiteElo "1624"]
[BlackElo "806"]
[PlyCount "191"]
[EventDate "2012.08.01"]
[EventType "swiss"]
[EventRounds "7"]
[EventCountry "GER"]
[SourceTitle "EXT 2017"]
[Source "ChessBase"]
[SourceDate "2016.10.25"]
[SourceVersion "1"]
[SourceVersionDate "2016.10.25"]
[SourceQuality "1"]

1. d4 d5 2. c4 e6 3. Nc3 c5 4. Nf3 Nc6 5. Bf4 Nf6 6. Qd2 Bd6 7. Nb5 Bxf4 8. Qxf4 0-0 9. Qc7 dxc4 10. Qxd8 Rxd8 11. dxc5 Nb4 12. Nbd4 e5 13. a3 exd4 14. axb4 c3 15. bxc3 dxc3 16. e3 Bf5 17. Nd4 Bg6 18. Rc1 Nd5 19. b5 Rac8 20. c6 bxc6 21. bxc6 Nb4 22. Rxc3 Be4 23. c7 Rd7 24. Rc4 Nd5 25. Nb5 a6 26. Rxe4 axb5 27. Bxb5 Rdxc7 28. 0-0 Nc3 29. Re8+ Rxe8 30. Bxe8 Ne2+ 31. Kh1 Kf8 32. Bb5 Nc3 33. Bd3 h5 34. Rc1 Ra7 35. h3 Ra3 36. Kh2 Nd5 37. Rc8+ Ke7 38. Be4 Nf6 39. Ra8 Rc3 40. Bf3 g6 41. Ra2 Ke6 42. Kg3 Kf5 43. Ra5+ Ke6 44. Ra6+ Kf5 45. Ra5+ Ke6 46. Ra4 Rc5 47. h4 Re5 48. Kh3 Kf5 49. Rf4+ Ke6 50. Be2 Ke7 51. Bc4 Nd7 52. Rxf7+ Kd6 53. Rg7 Nf8 54. Bd3 Re6 55. Ra7 Ke5 56. Rf7 Re8 57. Rf4 Rd8 58. Re4+ Kf6 59. Rd4 Rxd4 60. exd4 Ne6 61. Kg3 Nxd4 62. f4 Ne6 63. Kf3 Nd4+ 64. Ke3 Ne6 65. g3 Nc5 66. Bc2 Ne6 67. Ke4 Nc5+ 68. Kd5 Na6 69. Kd6 Nb4 70. Bb1 Na6 71. Kc6 Nb8+ 72. Kc7 Na6+ 73. Kd8 Nc5 74. Bc2 Kf7 75. Kc7 Ke6 76. Bxg6 Nd7 77. Bf5+ Kxf5 78. Kxd7 Kf6 79. Kd6 Kf5 80. Kd5 Kf6 81. Ke4 Ke6 82. f5+ Kf6 83. Kf4 Kf7 84. Kg5 Kg7 85. Kxh5 Kf6 86. g4 Kg7 87. g5 Kh7 88. g6+ Kg7 89. Kg5 Kg8 90. f6 Kh8 91. h5 Kg8 92. f7+ Kg7 93. h6+ Kf8 94. h7 Kg7 95. h8Q+ Kxh8 96. f8Q# 1-0

[Event "Rostock SSC 07 op 11th"]
[Site "Rostock"]
[Date "2012.08.01"]
[Round "1"]
[White "Jurkatis, Hagen"]
[Black "Bardosch, Konstantin"]
[Result "1-0"]
[WhiteElo "2071"]
[BlackElo "1624"]
[PlyCount "85"]
[EventDate "2012.08.01"]
[EventType "swiss"]
[EventRounds "7"]
[EventCountry "GER"]
[SourceTitle "EXT 2017"]
[Source "ChessBase"]
[SourceDate "2016.10.25"]
[SourceVersion "1"]
[SourceVersionDate "2016.10.25"]
[SourceQuality "1"]

1. d4 Nf6 2. Bf4 g6 3. Nf3 Bg7 4. Nc3 d6 5. e4 0-0 6. Qd2 Nbd7 7. 0-0-0 c5 8. Bh6 a6 9. Bxg7 Kxg7 10. e5 Ne8 11. h4 cxd4 12. Qxd4 Qb6 13. Qf4 dxe5 14. Qg3 h5 15. Bd3 Nef6 16. Nxe5 Nxe5 17. Qxe5 Qe6 18. Rhe1 Qxe5 19. Rxe5 e6 20. Be2 Bd7 21. Bf3 Bc6 22. Bxc6 bxc6 23. Rc5 Rfc8 24. Rd6 Nd5 25. Rdxc6 Rxc6 26. Rxc6 Nxc3 27. Rxc3 Rd8 28. Rc6 a5 29. Rc5 Rd4 30. g3 a4 31. c3 Rd3 32. Ra5 Rf3 33. Rxa4 Rxf2 34. Rf4 Rg2 35. Rf3 Kf8 36. a4 Ke7 37. Rd3 Rg1+ 38. Kc2 e5 39. a5 Ra1 40. b4 Ke6 41. Kb2 Rg1 42. a6 Rg2+ 43. Kb3 1-0

[Event "GER-chT Nord-Ost U20 U20 1112"]
[Site "Germany"]
[Date "2012.03.10"]
[Round "7.5"]
[White "Geue, Niklas"]
[Black "Bardosch, Konstantin"]
[Result "0-1"]
[WhiteElo "1352"]
[BlackElo "1450"]
[PlyCount "106"]
[EventDate "2011.09.24"]
[EventType "team-tourn"]
[EventRounds "9"]
[EventCountry "GER"]
[SourceTitle "EXT 2015"]
[Source "ChessBase"]
[SourceDate "2014.11.20"]
[SourceVersion "1"]
[SourceVersionDate "2014.11.20"]
[SourceQuality "1"]

1. e4 c5 2. c3 e6 3. d4 cxd4 4. cxd4 a6 5. Bf4 Bb4+ 6. Nc3 Nf6 7. Bd3 d5 8. e5 Nfd7 9. Qg4 g6 10. Nge2 Nc6 11. 0-0 Be7 12. Qh3 Nb6 13. Bh6 Bf8 14. Bxf8 Kxf8 15. Qh6+ Ke7 16. Qg7 Nd7 17. Qh6 b5 18. Rac1 Bb7 19. Rfd1 Rc8 20. Bb1 b4 21. Na4 Na7 22. Rxc8 Nxc8 23. Rc1 Ncb6 24. Qd2 a5 25. Nc5 Nxc5 26. Rxc5 Nc4 27. Qg5+ Kd7 28. Qxd8+ Rxd8 29. b3 Na3 30. Bd3 Ra8 31. f4 Bc6 32. g4 Kc7 33. Kf2 Kb6 34. Ke3 Bb5 35. Bxb5 Nxb5 36. Kd2 Nxd4 37. Rc1 Nxe2 38. Kxe2 a4 39. Kd3 axb3 40. axb3 Ra2 41. Rc2 Ra3 42. Rb2 Ra1 43. Ke3 Rc1 44. Rd2 Rc3+ 45. Rd3 Kc5 46. g5 Rc2 47. Rd2 Rxd2 48. Kxd2 Kd4 49. h3 Ke4 50. Ke2 Kxf4 51. Kd3 Kxe5 52. Ke3 Kf5 53. Kd4 e5+ 0-1

[Event "GER-chT Nord-Ost U20 U20 1112"]
[Site "Germany"]
[Date "2011.11.12"]
[Round "3.5"]
[White "Paul, Fabian"]
[Black "Bardosch, Konstantin"]
[Result "1/2-1/2"]
[WhiteElo "1453"]
[BlackElo "1450"]
[PlyCount "71"]
[EventDate "2011.09.24"]
[EventType "team-tourn"]
[EventRounds "9"]
[EventCountry "GER"]
[SourceTitle "EXT 2015"]
[Source "ChessBase"]
[SourceDate "2014.11.20"]
[SourceVersion "1"]
[SourceVersionDate "2014.11.20"]
[SourceQuality "1"]

1. e4 c5 2. Nf3 e6 3. d4 cxd4 4. Nxd4 Nf6 5. Nc3 d6 6. Bc4 a6 7. Bg5 Be7 8. f3 Nxe4 9. Bxe7 Nxc3 10. Bxd8 Nxd1 11. Rxd1 Kxd8 12. Kf2 Bd7 13. Rhe1 d5 14. Bd3 Nc6 15. Nxc6+ bxc6 16. c4 Rb8 17. b3 Ke7 18. cxd5 cxd5 19. Re2 Bb5 20. Ke3 Bxd3 21. Kxd3 Rhc8 22. Rdd2 Rb6 23. Kd4 Rb4+ 24. Ke3 Rc5 25. Rc2 Rbb5 26. Kd4 Kd6 27. Kd3 Rxc2 28. Rxc2 Rc5 29. Rd2 Kc6 30. Kd4 f6 31. f4 a5 32. Re2 Kd6 33. Rxe6+ Kxe6 34. Kxc5 g5 35. fxg5 fxg5 36. Kd4 1/2-1/2

[Event "GER-chT Nord-Ost U20 U20 1112"]
[Site "Germany"]
[Date "2011.11.05"]
[Round "2.5"]
[White "Bardosch, Konstantin"]
[Black "Lagunow, Elina"]
[Result "0-1"]
[WhiteElo "1450"]
[BlackElo "1639"]
[PlyCount "52"]
[EventDate "2011.09.24"]
[EventType "team-tourn"]
[EventRounds "9"]
[EventCountry "GER"]
[SourceTitle "EXT 2015"]
[Source "ChessBase"]
[SourceDate "2014.11.20"]
[SourceVersion "1"]
[SourceVersionDate "2014.11.20"]
[SourceQuality "1"]

1. d4 Nf6 2. c4 g6 3. Nc3 Bg7 4. e4 d6 5. f4 c5 6. dxc5 Qa5 7. Qa4+ Qxa4 8. Nxa4 Nxe4 9. cxd6 Nxd6 10. Bd3 0-0 11. Ne2 Nc6 12. Bd2 Bf5 13. Bxf5 Nxf5 14. Bc3 Bxc3+ 15. Naxc3 Ne3 16. Kf2 Nxc4 17. b3 Nd6 18. Rac1 Rfd8 19. Rhd1 Rac8 20. Nd5 e6 21. Ne3 Kf8 22. Kf3 Ke7 23. Kg4 h5+ 24. Kh4 Ne4 25. g4 hxg4 26. Nxg4 Rh8+ 0-1

[Event "Rostock SSC 07 op 10th"]
[Site "Rostock"]
[Date "2011.08.07"]
[Round "7"]
[White "Goldmund, Heike"]
[Black "Bardosch, Konstantin"]
[Result "1/2-1/2"]
[WhiteElo "1050"]
[BlackElo "1621"]
[PlyCount "112"]
[EventDate "2011.08.03"]
[EventType "swiss"]
[EventRounds "7"]
[EventCountry "GER"]
[SourceTitle "EXT 2017"]
[Source "ChessBase"]
[SourceDate "2016.10.25"]
[SourceVersion "1"]
[SourceVersionDate "2016.10.25"]
[SourceQuality "1"]

1. b4 e6 2. Bb2 Nf6 3. a3 c5 4. b5 Be7 5. c4 0-0 6. e3 d5 7. Nf3 Nbd7 8. Be2 dxc4 9. Bxc4 Nb6 10. Be2 Nbd5 11. 0-0 Qc7 12. Nc3 Rd8 13. Qc2 b6 14. Nxd5 Nxd5 15. d3 Bb7 16. Qc4 a6 17. a4 g6 18. Rfd1 Qd7 19. Ne5 Qd6 20. Ng4 Kf8 21. d4 Rdc8 22. dxc5 Qxc5 23. Qxc5 Bxc5 24. Nf6 Be7 25. Nxd5 Bxd5 26. Bd3 Bb3 27. Be4 Bxd1 28. Bxa8 Rxa8 29. Rxd1 axb5 30. axb5 Ra5 31. Rc1 Bc5 32. Rd1 Rxb5 33. Rd8+ Ke7 34. Rd2 Ba3 35. Bxa3+ Kf6 36. Bb2+ Kf5 37. f3 h5 38. g3 e5 39. Bc3 Rb3 40. e4+ Ke6 41. Rc2 f6 42. Be1 b5 43. Rc6+ Kf7 44. Rb6 Rb2 45. Bc3 Rb3 46. Ba5 Rb2 47. Rb7+ Ke6 48. Bc7 b4 49. Ba5 b3 50. Bc3 Rb1+ 51. Kf2 Kd6 52. Rb6+ Kc5 53. Rxf6 Kc4 54. Rc6+ Kd3 55. Bxe5 b2 56. f4 Rf1+ 1/2-1/2

[Event "Mecklenburg VP LL2 Ost 1011"]
[Site "Mecklenburg VP"]
[Date "2011.02.27"]
[Round "7.7"]
[White "Bardosch, Konstantin"]
[Black "Dohnow, Thomas"]
[Result "1/2-1/2"]
[WhiteElo "1360"]
[BlackElo "1726"]
[PlyCount "67"]
[EventDate "2010.10.10"]
[EventType "team-tourn"]
[EventRounds "9"]
[EventCountry "GER"]
[SourceTitle "EXT 2022"]
[Source "ChessBase"]
[SourceDate "2021.10.06"]
[SourceVersion "1"]
[SourceVersionDate "2021.10.06"]
[SourceQuality "1"]
[WhiteTeam "Rostock SSC 07 III"]
[BlackTeam "Waren ESV"]
[WhiteTeamCountry "GER"]
[BlackTeamCountry "GER"]

1. d4 d5 2. c4 e6 3. Nc3 c6 4. Nf3 dxc4 5. e3 b5 6. a4 Bb4 7. Bd2 Bb7 8. axb5 Bxc3 9. bxc3 cxb5 10. Be2 Nf6 11. Qb1 Qb6 12. Qb4 Nc6 13. Qa3 a6 14. 0-0 Qc7 15. Rfb1 Ne7 16. Qb4 Ned5 17. Qa3 Ne7 18. Qb4 Nfd5 19. Qa3 0-0 20. e4 Nf6 21. e5 Ne4 22. Bf4 Nd5 23. Bd2 Qc6 24. Be1 Nf4 25. Bf1 g5 26. Qc1 h6 27. h4 Nh3+ 28. Kh2 Nhxf2 29. Bxf2 Nxf2 30. hxg5 Qe4 31. gxh6 Ng4+ 32. Kg3 Ne3 33. Kf2 Ng4+ 34. Kg3 1/2-1/2

[Event "Mecklenburg VP LL2 Ost 1011"]
[Site "Mecklenburg VP"]
[Date "2011.01.23"]
[Round "6.8"]
[White "Bardosch, Konstantin"]
[Black "Nickel, Udo"]
[Result "1/2-1/2"]
[WhiteElo "1360"]
[BlackElo "1701"]
[PlyCount "57"]
[EventDate "2010.10.10"]
[EventType "team-tourn"]
[EventRounds "9"]
[EventCountry "GER"]
[SourceTitle "EXT 2022"]
[Source "ChessBase"]
[SourceDate "2021.10.06"]
[SourceVersion "1"]
[SourceVersionDate "2021.10.06"]
[SourceQuality "1"]
[WhiteTeam "Rostock SSC 07 III"]
[BlackTeam "Waterkant Saal SV"]
[WhiteTeamCountry "GER"]
[BlackTeamCountry "GER"]

1. d4 Nf6 2. c4 e6 3. Nc3 d5 4. Bf4 c5 5. Nf3 Qb6 6. Qb3 Qxb3 7. axb3 Nc6 8. Nb5 Kd7 9. Ne5+ Nxe5 10. Bxe5 Ne8 11. Rxa7 Rxa7 12. Nxa7 cxd4 13. Nb5 Bb4+ 14. Kd1 f6 15. Bxd4 dxc4 16. bxc4 Nd6 17. Nxd6 Kxd6 18. Kc2 Bd7 19. Bc3 Bc5 20. e3 Ra8 21. Bd3 h6 22. Rd1 Kc7 23. Kb1 Ra4 24. b3 Ra8 25. Rd2 Bc6 26. g3 Ra3 27. Kb2 Ra8 28. Kb1 Ra3 29. Kb2 1/2-1/2

[Event "Rostock SSC 07 op 09th"]
[Site "Rostock"]
[Date "2010.08.14"]
[Round "6"]
[White "Jaehn, Janis"]
[Black "Bardosch, Konstantin"]
[Result "1-0"]
[WhiteElo "1735"]
[BlackElo "1329"]
[PlyCount "113"]
[EventDate "2010.08.11"]
[EventType "swiss"]
[EventRounds "7"]
[EventCountry "GER"]
[SourceTitle "EXT 2017"]
[Source "ChessBase"]
[SourceDate "2016.10.25"]
[SourceVersion "1"]
[SourceVersionDate "2016.10.25"]
[SourceQuality "1"]

1. f4 d5 2. Nf3 Nf6 3. e3 c5 4. d4 e6 5. c3 Nc6 6. Bd3 Rb8 7. a4 c4 8. Bc2 a6 9. Nbd2 Ng4 10. Qe2 Qf6 11. h3 Nh6 12. 0-0 Nf5 13. Qf2 Be7 14. e4 Nh6 15. e5 Qxf4 16. g3 Ng4 17. gxf4 Nxf2 18. Rxf2 f6 19. Nf1 f5 20. Rg2 g6 21. Bd2 Bd7 22. Ne3 b5 23. axb5 axb5 24. Kf2 0-0 25. h4 Kf7 26. Rh1 h5 27. Rb1 Rg8 28. Rgg1 Ra8 29. b3 Rgb8 30. bxc4 bxc4 31. Rxb8 Rxb8 32. Rb1 Rxb1 33. Bxb1 Na5 34. Bc2 Nb7 35. Bc1 Nd8 36. Nd1 Bb5 37. Ke2 Nc6 38. Kd2 Na5 39. Nb2 Bd7 40. Na4 Bxa4 41. Bxa4 Nb7 42. Kc2 Na5 43. Kb2 Nb7 44. Ka2 Na5 45. Ba3 Bd8 46. Bb4 Nb7 47. Ka3 Na5 48. Bd7 Nb3 49. Kb2 Nd2 50. Nxd2 Bxh4 51. Nf3 Bd8 52. Ng1 g5 53. fxg5 Bxg5 54. Kc2 Be3 55. Nh3 f4 56. Kd1 f3 57. Ke1 1-0

[Event "Rostock SSC 07 op 09th"]
[Site "Rostock"]
[Date "2010.08.11"]
[Round "1"]
[White "Wiese, Frank"]
[Black "Bardosch, Konstantin"]
[Result "1-0"]
[WhiteElo "1962"]
[BlackElo "1329"]
[PlyCount "29"]
[EventDate "2010.08.11"]
[EventType "swiss"]
[EventRounds "7"]
[EventCountry "GER"]
[SourceTitle "EXT 2017"]
[Source "ChessBase"]
[SourceDate "2016.10.25"]
[SourceVersion "1"]
[SourceVersionDate "2016.10.25"]
[SourceQuality "1"]

1. d4 Nf6 2. c4 g6 3. Nc3 Bg7 4. e4 d6 5. Nf3 0-0 6. h3 c5 7. Be3 Nbd7 8. Be2 Qb6 9. Rb1 Qa6 10. 0-0 b6 11. b4 Qb7 12. bxc5 Nxe4 13. Nxe4 Qxe4 14. Ng5 Qf5 15. Bg4 1-0

[Event "Mecklenburg VP-ch U16"]
[Site "Malchow"]
[Date "2010.02.??"]
[Round "1.2"]
[White "Bardosch, Konstantin"]
[Black "Weber, Max"]
[Result "0-1"]
[WhiteElo "1328"]
[BlackElo "1888"]
[PlyCount "82"]
[EventDate "2010.02.10"]
[EventType "swiss"]
[EventRounds "7"]
[EventCountry "GER"]
[SourceTitle "EXT 2022"]
[Source "ChessBase"]
[SourceDate "2021.10.06"]
[SourceVersion "1"]
[SourceVersionDate "2021.10.06"]
[SourceQuality "1"]

1. d4 Nf6 2. c4 g6 3. Nc3 d5 4. Nf3 Bg7 5. Bg5 Ne4 6. Nxe4 dxe4 7. Nd2 Qxd4 8. Qc2 Qxb2 9. Qxb2 Bxb2 10. Rb1 Bc3 11. Rb3 Ba5 12. g3 Nc6 13. Bg2 f5 14. 0-0 0-0 15. Be3 Rd8 16. Rb2 Bc3 17. Rc2 Nd4 18. Bxd4 Bxd4 19. e3 Bf6 20. Nb3 Bd7 21. Nc5 Bc6 22. Rb1 b6 23. Ne6 Rd7 24. c5 Ba4 25. Rc4 b5 26. Rcc1 c6 27. f3 exf3 28. Bxf3 Rc8 29. Re1 Kf7 30. Nf4 e5 31. Ne2 e4 32. Bg2 Rd2 33. Nc1 Rcd8 34. Re2 Bc2 35. Rxd2 Rxd2 36. Nb3 Rxg2+ 37. Kxg2 Bxb1 38. Na5 Be7 39. Nxc6 Bxc5 40. Nd4 Bxd4 41. exd4 Bxa2 0-1

[Event "Mecklenburg VP-ch U16"]
[Site "Malchow"]
[Date "2010.02.??"]
[Round "2.9"]
[White "Fidorra, Thomas"]
[Black "Bardosch, Konstantin"]
[Result "1-0"]
[WhiteElo "1300"]
[BlackElo "1328"]
[PlyCount "107"]
[EventDate "2010.02.10"]
[EventType "swiss"]
[EventRounds "7"]
[EventCountry "GER"]
[SourceTitle "EXT 2022"]
[Source "ChessBase"]
[SourceDate "2021.10.06"]
[SourceVersion "1"]
[SourceVersionDate "2021.10.06"]
[SourceQuality "1"]

1. e4 c5 2. Nf3 d6 3. d4 cxd4 4. Nxd4 Nf6 5. Nc3 a6 6. Be3 e5 7. Nf3 Be6 8. Ng5 Bd7 9. Bc4 d5 10. Bxd5 Nxd5 11. Qxd5 Be6 12. Nxe6 fxe6 13. Qxe6+ Qe7 14. Qxe7+ Bxe7 15. Nd5 Bd8 16. 0-0-0 Nd7 17. Rd3 Nf6 18. Nxf6+ Bxf6 19. Bc5 Rc8 20. Ba3 Rc7 21. Rhd1 Rc4 22. f3 Ra4 23. Kb1 b5 24. Bd6 Kf7 25. b3 Rd4 26. Rxd4 exd4 27. e5 Bg5 28. Rxd4 Re8 29. f4 Bh6 30. g4 g6 31. g5 Bg7 32. c4 Ke6 33. cxb5 axb5 34. a4 bxa4 35. bxa4 Kf5 36. h3 h6 37. gxh6 Bxh6 38. Rd1 Ra8 39. Rd4 Bxf4 40. Kc2 Ra6 41. Rxf4+ Kxf4 42. e6+ Ke4 43. e7 Ra8 44. Bc7 Re8 45. Bd8 Kd5 46. Kd3 Kc6 47. Kc4 Kb7 48. Kd5 Kb8 49. Ke6 Kc8 50. Kf7 Kd7 51. Kg7 g5 52. a5 Ke6 53. a6 Kf5 54. a7 1-0

[Event "Rostock op"]
[Site "Rostock"]
[Date "2009.08.28"]
[Round "3"]
[White "Erich, Juergen"]
[Black "Bardosch, Konstantin"]
[Result "1-0"]
[WhiteElo "1873"]
[BlackElo "1350"]
[PlyCount "93"]
[EventDate "2009.08.27"]
[EventType "swiss"]
[EventRounds "7"]
[EventCountry "GER"]
[SourceTitle "CBM 132 Extra"]
[Source "ChessBase"]
[SourceDate "2009.11.03"]
[SourceVersion "1"]
[SourceVersionDate "2009.11.03"]
[SourceQuality "1"]

1. d4 Nf6 2. Nf3 g6 3. g3 d5 4. Bg2 Bg7 5. 0-0 0-0 6. c4 c6 7. cxd5 cxd5 8. Nc3 e6 9. Bf4 Nc6 10. Rc1 Re8 11. Nb5 Re7 12. Bd6 Rd7 13. Bf4 Ne8 14. Ne5 Nxe5 15. Bxe5 f6 16. Bf4 e5 17. Be3 e4 18. Qb3 Qb6 19. Bxe4 Qe6 20. Bf3 a6 21. Nc7 Nxc7 22. Rxc7 Qf5 23. Rfc1 Rd8 24. Bxd5+ Rxd5 25. Rxc8+ Rxc8 26. Rxc8+ Qxc8 27. Qxd5+ Kh8 28. Bf4 h5 29. h4 Qc2 30. Qxb7 Qd1+ 31. Kg2 Qxd4 32. Qxa6 Qxb2 33. a4 Qb4 34. Qa8+ Kh7 35. a5 Bf8 36. a6 Bc5 37. Qb7+ Qxb7+ 38. axb7 Ba7 39. Kf3 Kg7 40. Ke4 Kf7 41. Kd5 Ke7 42. b8Q Bxb8 43. Bxb8 Kf7 44. Bd6 f5 45. Ke5 Kg7 46. Ke6 Kh7 47. f3 1-0

[Event "Mecklenburg VP-ch U14"]
[Site "Malchow"]
[Date "2009.02.07"]
[Round "2.8"]
[White "Schroeder, Bjoern"]
[Black "Bardosch, Konstantin"]
[Result "1/2-1/2"]
[WhiteElo "1054"]
[BlackElo "1167"]
[PlyCount "45"]
[EventDate "2009.02.07"]
[EventType "swiss"]
[EventRounds "7"]
[EventCountry "GER"]
[SourceTitle "EXT 2022"]
[Source "ChessBase"]
[SourceDate "2021.10.06"]
[SourceVersion "1"]
[SourceVersionDate "2021.10.06"]
[SourceQuality "1"]

1. d4 Nf6 2. Bf4 g6 3. e3 Bg7 4. c4 0-0 5. Nc3 d6 6. Nf3 Nbd7 7. Bd3 c5 8. 0-0 Qb6 9. Na4 Qc7 10. b3 h6 11. h3 Qc6 12. d5 Qa6 13. Bh2 Nb6 14. Nc3 e6 15. Bxd6 Rd8 16. Bxc5 Nbd7 17. Bd4 Qd6 18. Nb5 Qe7 19. Nc7 e5 20. Nxa8 exd4 21. exd4 Nf8 22. Re1 Qd6 23. c5 1/2-1/2

[Event "Rostock op"]
[Site "Rostock"]
[Date "2008.08.30"]
[Round "6"]
[White "Joehn, Janis"]
[Black "Bardosch, Konstantin"]
[Result "1/2-1/2"]
[WhiteElo "1514"]
[BlackElo "1203"]
[PlyCount "38"]
[EventDate "2008.08.28"]
[EventType "swiss"]
[EventRounds "7"]
[EventCountry "GER"]
[SourceTitle "CBM 126 Extra"]
[Source "ChessBase"]
[SourceDate "2008.11.05"]
[SourceVersion "1"]
[SourceVersionDate "2008.11.05"]
[SourceQuality "1"]

1. e4 c5 2. d4 cxd4 3. c3 d3 4. f4 e5 5. Bxd3 exf4 6. Bxf4 Bc5 7. Nf3 Ne7 8. Qe2 0-0 9. Nbd2 Nbc6 10. 0-0-0 Ng6 11. Bg3 Re8 12. Rde1 d5 13. Qd1 d4 14. c4 Nb4 15. Qb3 Nxd3+ 16. Qxd3 Be6 17. Kb1 Rc8 18. h3 Qf6 19. Rhf1 Red8 1/2-1/2

[Event "Rostock op"]
[Site "Rostock"]
[Date "2008.08.29"]
[Round "3"]
[White "Bardosch, Konstantin"]
[Black "Hingst, Silke"]
[Result "0-1"]
[WhiteElo "1203"]
[BlackElo "1774"]
[PlyCount "78"]
[EventDate "2008.08.28"]
[EventType "swiss"]
[EventRounds "7"]
[EventCountry "GER"]
[SourceTitle "CBM 126 Extra"]
[Source "ChessBase"]
[SourceDate "2008.11.05"]
[SourceVersion "1"]
[SourceVersionDate "2008.11.05"]
[SourceQuality "1"]

1. d4 f5 2. c4 Nf6 3. Nc3 d6 4. Nf3 g6 5. e3 Bg7 6. Bd3 0-0 7. 0-0 Qe8 8. Bd2 e5 9. Nb5 Na6 10. c5 e4 11. Bc4+ d5 12. Bxd5+ Nxd5 13. Qb3 Be6 14. Ng5 Nf4 15. Nxe6 Qxe6 16. exf4 Qxb3 17. axb3 c6 18. Nd6 Bxd4 19. Nxb7 Nxc5 20. Nxc5 Bxc5 21. Rfc1 Rfd8 22. Be1 Rd5 23. b4 Bb6 24. Rxc6 Rad8 25. Kf1 R8d7 26. Rac1 Rd4 27. Re6 Rd1 28. Rxd1 Rxd1 29. Ke2 Rb1 30. Re8+ Kf7 31. Bc3 Kxe8 32. f3 exf3+ 33. Kxf3 Kf7 34. h3 Rf1+ 35. Ke2 Rxf4 36. Be1 Re4+ 37. Kf1 Bd4 38. Bc3 Bxc3 39. bxc3 Rc4 0-1

[Event "Rostock op"]
[Site "Rostock"]
[Date "2008.08.28"]
[Round "2"]
[White "Joensch, Robert"]
[Black "Bardosch, Konstantin"]
[Result "1-0"]
[WhiteElo "1577"]
[BlackElo "1203"]
[PlyCount "101"]
[EventDate "2008.08.28"]
[EventType "swiss"]
[EventRounds "7"]
[EventCountry "GER"]
[SourceTitle "CBM 126 Extra"]
[Source "ChessBase"]
[SourceDate "2008.11.05"]
[SourceVersion "1"]
[SourceVersionDate "2008.11.05"]
[SourceQuality "1"]

1. e4 c5 2. Nf3 d6 3. d4 cxd4 4. Nxd4 Nf6 5. Nc3 a6 6. f3 e5 7. Nb3 Be7 8. Be3 0-0 9. Be2 Be6 10. Qd2 Nbd7 11. 0-0-0 Rc8 12. g4 b5 13. g5 Ne8 14. h4 f5 15. Nd5 Bxd5 16. Qxd5+ Kh8 17. exf5 Rxf5 18. Bd3 Nc7 19. Qe4 g6 20. Qg4 Nd5 21. Bd2 Rf7 22. h5 Nf4 23. Bxg6 Nxg6 24. hxg6 Rg7 25. Rxh7+ Rxh7 26. gxh7 Nf8 27. g6 Bf6 28. Rg1 Bg7 29. Kd1 Qc7 30. c3 d5 31. f4 exf4 32. Bxf4 Qc4 33. Nd2 Qc6 34. Be5 Nxg6 35. Qxg6 Qxg6 36. Rxg6 Bxe5 37. Rxa6 Kxh7 38. Rb6 Rb8 39. Rxb8 Bxb8 40. Ke2 Kg6 41. Kd3 Ba7 42. Nb3 Kf6 43. Nd4 Bxd4 44. Kxd4 Ke6 45. Kc5 Ke5 46. Kxb5 Kd6 47. Kb6 Kd7 48. Kc5 Ke6 49. a4 Kd7 50. a5 Kc7 51. Kxd5 1-0